| 000 | 00799nam a2200265Ia 4500 | ||
|---|---|---|---|
| 003 | OSt | ||
| 005 | 20220923220854.0 | ||
| 006 | a|||||r|||| 00| 0 | ||
| 007 | ta | ||
| 008 | 220922b |||||||| |||| 00| 0 hin d | ||
| 024 | _a191,737 | ||
| 037 | _cTextual | ||
| 040 |
_aARTS _cARTS _bhin |
||
| 041 |
_2hin _ahin |
||
| 082 | _aV2.C6, 152K8 | ||
| 100 | _aदीपंकर | ||
| 245 | 0 | _aकौटल्य कालीन भारत | |
| 246 | _aKauṭalya kālīn bhārata | ||
| 260 |
_aलखनऊ _b हिन्दी सामति _c1968 |
||
| 300 |
_a230पृ. _ccm. |
||
| 650 |
_a भारत-इतिहास _9156353 |
||
| 650 | _aविश्व-इतिहास | ||
| 942 |
_hV2.C6, 152K8 _cTEXL _2CC |
||
| 999 |
_c344393 _d344393 |
||